<?xml version="1.0" encoding="UTF-8"?>
<record
    xmlns:xsi="http://www.w3.org/2001/XMLSchema-instance"
    xsi:schemaLocation="http://www.loc.gov/MARC21/slim http://www.loc.gov/standards/marcxml/schema/MARC21slim.xsd"
    xmlns="http://www.loc.gov/MARC21/slim">

  <leader>00422nam a22001337a 4500</leader>
  <controlfield tag="008">230616b        |||||||| |||| 00| 0 eng d</controlfield>
  <datafield tag="040" ind1=" " ind2=" ">
    <subfield code="a">National Science Library</subfield>
    <subfield code="c">National Science Library</subfield>
  </datafield>
  <datafield tag="080" ind1=" " ind2=" ">
    <subfield code="a">624:658.7 </subfield>
    <subfield code="b">P2</subfield>
  </datafield>
  <datafield tag="245" ind1=" " ind2=" ">
    <subfield code="a">Delhi schedule of rates </subfield>
    <subfield code="c">/ Central Public Works Department</subfield>
  </datafield>
  <datafield tag="260" ind1=" " ind2=" ">
    <subfield code="a">New Delhi: </subfield>
    <subfield code="b">Central Public Works Department, </subfield>
    <subfield code="c">2002</subfield>
  </datafield>
  <datafield tag="300" ind1=" " ind2=" ">
    <subfield code="a">354p.</subfield>
  </datafield>
  <datafield tag="650" ind1=" " ind2=" ">
    <subfield code="a">Science</subfield>
  </datafield>
  <datafield tag="942" ind1=" " ind2=" ">
    <subfield code="2">udc</subfield>
    <subfield code="c">REP</subfield>
  </datafield>
  <datafield tag="999" ind1=" " ind2=" ">
    <subfield code="c">44191</subfield>
    <subfield code="d">44191</subfield>
  </datafield>
  <datafield tag="952" ind1=" " ind2=" ">
    <subfield code="0">0</subfield>
    <subfield code="1">0</subfield>
    <subfield code="2">udc</subfield>
    <subfield code="4">0</subfield>
    <subfield code="6">6246587_P2</subfield>
    <subfield code="7">0</subfield>
    <subfield code="9">66838</subfield>
    <subfield code="a">NSL</subfield>
    <subfield code="b">NSL</subfield>
    <subfield code="c">GF/Rk-13/C-9/R-2</subfield>
    <subfield code="d">2004-08-07</subfield>
    <subfield code="l">0</subfield>
    <subfield code="o">624:658.7 P2</subfield>
    <subfield code="p">183905</subfield>
    <subfield code="r">2023-06-16 00:00:00</subfield>
    <subfield code="w">2004-08-07</subfield>
    <subfield code="y">REP</subfield>
  </datafield>
  <datafield tag="952" ind1=" " ind2=" ">
    <subfield code="0">0</subfield>
    <subfield code="1">0</subfield>
    <subfield code="2">udc</subfield>
    <subfield code="4">0</subfield>
    <subfield code="6">6246587_P2</subfield>
    <subfield code="7">0</subfield>
    <subfield code="9">66840</subfield>
    <subfield code="a">NSL</subfield>
    <subfield code="b">NSL</subfield>
    <subfield code="c">GF/Rk-13/C-9/R-2</subfield>
    <subfield code="d">2002-12-04</subfield>
    <subfield code="l">0</subfield>
    <subfield code="o">624:658.7 P2</subfield>
    <subfield code="p">180255</subfield>
    <subfield code="r">2023-06-16 00:00:00</subfield>
    <subfield code="w">2002-12-04</subfield>
    <subfield code="y">REP</subfield>
  </datafield>
</record>
